Biodiversidad y desarrollo: orientaciones para el Area de Conservación Osa /

Kaydedildi:
Detaylı Bibliyografya
Yazar: Miranda Chavarría, Rónald
Materyal Türü: Metin
Konular:
Etiketler: Etiketle
Etiket eklenmemiş, İlk siz ekleyin!

MARC

LEADER 00000 a a2200000 04500
001 549
003
040
100 |a Miranda Chavarría, Rónald  
245 |a Biodiversidad y desarrollo:   |b orientaciones para el Area de Conservación Osa /  |c Rónald Miranda Chavarría 
650 |a MEDIO AMBIENTE  
650 |a DESARROLLO SUSTENTABLE  
650 |a TECNOLOGIA  
650 |a RECURSOS ECONOMICOS  
650 |a GESTION AMBIENTAL  
773 |g número 48; páginas 6-8  
999 |c 25256  |d 25256